=LDR 00000nam 2200000 4500 =001 INLIS000000000044739 =005 20131008110643 =008 ***********************************Ind** =035 ##$$0010-101300000002661 =041 ##$$a Ind =082 ##$$a 813.06 =090 ##$$a 813.06, Dav e =100 ##$$a David B =245 ##$$a Epileptik1, David B ; Dini Pandia =260 ##$$a 2008 $b Jakarta =300 ##$$a 163 Hlm., 20 Cm =850 ##$$a NNT-CD =990 ##$$a 0001/BPAP-NTB/2016 =990 ##$$a 1297712977 =990 ##$$a 01201712977 =990 ##$$a 0001/BPAP-NTB/2016 =990 ##$$a 21105788 =990 ##$$a 01201712977